|
|
|
|
| LEADER |
00000nam a2200000 4500 |
| 001 |
vtls012025324 |
| 003 |
SK-MaSNL |
| 005 |
20260425225602.0 |
| 007 |
co cg muuua |
| 008 |
210428s2019 xo | fqn 000 0 slo |
| 015 |
|
|
|a SNBS2021
|
| 020 |
|
|
|a 9788055523835
|q (elektronická kniha)
|
| 040 |
|
|
|a SNK
|b slo
|c SNK
|e rda
|
| 041 |
0 |
|
|a slo
|b eng
|
| 043 |
|
|
|a e-xo---
|
| 044 |
|
|
|a xo
|c SK
|
| 072 |
|
7 |
|a 316.4/.7
|x Sociálne interakcie
|2 konspekt
|
| 080 |
|
|
|a 331.4
|2 2011
|
| 080 |
|
|
|a 316.647.8-053
|2 2011
|
| 080 |
|
|
|a 316.472.4
|2 2011
|
| 080 |
|
|
|a 316.4.051.63
|2 2011
|
| 080 |
|
|
|a (437.6)
|2 2011
|
| 080 |
|
|
|a (082)
|2 2011
|
| 080 |
|
|
|a (0.034.44)
|2 2011
|
| 245 |
0 |
0 |
|a Príčiny a dôsledky ageizmu a vzájomnej animozity medzi generáciami v pracovnom a mimopracovnom prostredí
|b zborník vedeckých štúdií
|c Gabriela Kravčáková, Lenka Čupková (Ed.)
|
| 250 |
|
|
|a Vydanie: prvé
|
| 264 |
|
1 |
|a Prešov
|b Prešovská univerzita v Prešove
|c 2019
|
| 300 |
|
|
|a 1 CD-ROM
|b farebný
|c 12 cm
|
| 336 |
|
|
|a text
|b txt
|2 rdacontent
|
| 337 |
|
|
|a počítač
|b c
|2 rdamedia
|
| 338 |
|
|
|a počítačový disk
|b cd
|2 rdacarrier
|
| 347 |
|
|
|a textový súbor
|b PDF
|2 rda
|
| 347 |
|
|
|a textový súbor
|b HTML
|2 rda
|
| 500 |
|
|
|a Nad názvom: Prešovská univerzita v Prešove. Filozofická fakulta. Inštitút psychológie
|
| 500 |
|
|
|a Obsahuje poznámky pod čiarou
|
| 504 |
|
|
|a Obsahuje bibliografie
|
| 536 |
|
|
|a VEGA č. 1/0349/17 Príčiny a dôsledky ageizmu a vzájomnej animozity medzi generáciami v pracovnom a mimopracovnom prostredí
|
| 546 |
|
|
|a Anglické abstrakty
|
| 650 |
0 |
7 |
|a pracovné prostredie
|2 SNKPH
|9 1299
|
| 650 |
0 |
7 |
|a veková diskriminácia
|2 SNKPH
|9 4894
|
| 650 |
0 |
7 |
|a interpersonálne vzťahy
|2 SNKPH
|9 3770
|
| 650 |
0 |
7 |
|a medzigeneračné vzťahy
|2 SNKPH
|9 4897
|
| 650 |
0 |
7 |
|a Work environment
|2 SNKPHeng
|9 308093
|
| 650 |
0 |
7 |
|a Ageism
|2 SNKPHeng
|9 402246
|
| 650 |
0 |
7 |
|a Interpersonal relations
|2 SNKPHeng
|9 278058
|
| 650 |
0 |
7 |
|a Intergenerational relations
|2 SNKPHeng
|9 402247
|
| 651 |
|
7 |
|a Slovensko
|2 SNKPHgeo
|9 14231
|
| 651 |
|
7 |
|a Slovakia
|2 SNKPHeng
|9 92630
|
| 655 |
|
7 |
|a CD-ROM
|2 SNKPH
|9 70236
|
| 655 |
|
7 |
|a zborníky
|2 SNKPH
|9 70165
|
| 655 |
|
7 |
|a Papers of several authors
|2 SNKPHeng
|9 153738
|
| 700 |
1 |
|
|a Kravčáková, Gabriela,
|d 1961-
|4 edt
|9 119000
|
| 700 |
1 |
|
|a Čupková, Lena,
|d 1992-
|4 edt
|9 402248
|
| 710 |
2 |
|
|a Prešovská univerzita v Prešove.
|b Filozofická fakulta.
|b Inštitút psychológie
|4 pbl
|9 53814
|
| 856 |
4 |
1 |
|u http://www.pulib.sk/web/kniznica/elpub/dokument/Cupkova1
|
| 919 |
|
|
|a 978-80-555-2383-5
|
| 958 |
|
|
|a NB
|
| 999 |
|
|
|c 653288
|d 655218
|
| 952 |
|
|
|a SNK
|b SNK
|y PREZ
|7 0
|p 17A1451163
|o snkSCDM 11773
|i snk2021/3540
|8 0
|0 0
|1 0
|4 0
|d 2021-04-28
|l 0
|r 2026-02-23 18:28:12
|w 2026-02-23
|